000 00763nam a22002057a 4500
999 _c13302
_d13302
003 AR-CdUCM
008 190411b ||||| |||| 00| 0 spa d
040 _aMUNICIPALIDAD PROVINCIAL DEL CUSCO
_cBIBLIOTECA MUNICIPAL DEL CUSCO
082 _aC / 510.76 /
_bV47
100 _aVera Hermoza, Ruben
_931648
245 _aEl método de las lineas verticales en el aprendizaje del sistema métrico decimal :
_b(un método nuevo al servicio del magisterio) /
260 _aCuzco :
_c1965.
300 _a14 paginas ;
_c21 cm.
505 _aContenido : Método del sistema métrico decimal.
650 _aSistema decimal
_931649
650 _aMedidas de superficie
_931650
650 _aCapacidades y peso
_931651
942 _2ddc
_cFOLLETOS
945 _awnts
_d2019-04-11